00357nam a2200133 a 4500008004100000050001600041100002600057245004900083260002800132300001000160350000900170650001100179650003300190120416s1964 ||||||||||||||||| || u aHD 6664 Cle aClegg, Hugh Armstrong12aA history of British trade unions since 1889 aOxfordbClarendonc1964 aVol.1 a0.00 aLABOUR aLABOUR UNIONS--GREAT BRITAIN